Most Common UK Street Names - Statistics

General Stats
  • This quiz has been taken 4,244 times
    4,151 since last reset
  • The average score is 12 of 40
Answer Stats
Name % Correct
High Street
77%
London Road
64%
Main Road
60%
Main Street
60%
King Street
59%
Queen Street
59%
Church Lane
57%
Church Road
57%
Church Street
57%
North Street
50%
West Street
49%
Victoria Road
37%
Victoria Street
37%
Park Avenue
36%
Park Lane
36%
Park Road
36%
Green Lane
32%
New Road
32%
New Street
32%
Station Road
32%
The Green
32%
George Street
31%
Manchester Road
25%
York Road
19%
Albert Road
18%
The Avenue
18%
Mill Lane
13%
Kings Road
11%
Queens Road
10%
The Crescent
8%
Windsor Road
8%
Manor Road
7%
Broadway
6%
Grange Road
3%
St. John's Road
3%
Alexander Road
2%
Highfield Road
2%
Kingsway
2%
Queensway
2%
Springfield Road
2%
No matching quizzes found
Score Distribution
Percent of People with Each Score
Percentile by Number Answered
Your Score History
You have not taken this quiz since the last reset